000 00657nam a2200121Ia 4500
008 220615s9999||||xx |||||||||||||| ||und||
100 _aNaemi, Roozbeh||Behforootan, Sara||Chatzistergos, Panagiotis||Chockalingam, Nachiappan
245 0 _aChapter Viscoelasticity in Foot-Ground Interaction
546 _aEnglish[eng]
650 _acompliant movements, adaptive system, learning system, robot control, learning by demonstration
856 _uhttps://library.oapen.org/bitstream/20.500.12657/49150/1/51513.pdf||https://library.oapen.org/bitstream/20.500.12657/49150/1/51513.pdf||https://library.oapen.org/bitstream/20.500.12657/49150/1/51513.pdf
942 _cEB
999 _c18709
_d18709